| 000 | 00399nam a22001457a 4500 | ||
|---|---|---|---|
| 020 | _qPB. | ||
| 040 | _cFIZZA ISHAQ | ||
| 082 |
_a332.076 _bCFA |
||
| 100 |
_aINSTITUTE,CFA. _9133802 |
||
| 245 |
_aEQUITY CFA PROGRAM CURRICULUM VOLUME 4 / _cCFA INSTITUTE. |
||
| 250 | _a4th ED. | ||
| 260 |
_aNEW YORK ; _bCFA INSTITUTE CUSTOM PUBLISHING, _c2010. |
||
| 300 |
_a686 P. ; _c11.1X8.8IN |
||
| 942 |
_2ddc _cBK |
||
| 999 |
_c617103 _d617103 |
||